000 00219nam a22000857a 4500
008 160822b xxu||||| |||| 00| 0 eng d
100 _9205
_aJain S.K
245 _aCCE Science-VI
260 _aNew Delhi
_bPrachi publication
_c2013
999 _c2863
_d2863